| 000 | 00906nam a2200301 a 4500 | ||
|---|---|---|---|
| 999 |
_c7461 _d7461 |
||
| 001 | 991031916089706706 | ||
| 003 | OSt | ||
| 005 | 20211130132643.0 | ||
| 008 | 160708s2016 spc|||| |||| 0|0 f spa| | ||
| 015 |
_aLL2016 _2bnc |
||
| 017 |
_aDL B 2179-2016 _bBiblioteca de Catalunya |
||
| 020 | _a9788416418473 | ||
| 035 | _a(ES-BaCBU)b67708407-34csuc_network | ||
| 035 | _a(ES-BaCBU).b67708407 | ||
| 035 | _a(ccuc001)b67708407 | ||
| 040 |
_aES-BaBC _bcat _cES-BaBC _dCDMR |
||
| 080 |
_a821.134.2-31 _x"19" _22004 |
||
| 100 | 1 |
_aAlcalde, Carmen _9356 |
|
| 245 | 1 | 0 |
_aAmar se escribe breve / _cCarmen Alcalde |
| 260 |
_aBarcelona : _bCarena, _c2016 |
||
| 300 |
_a96 p. ; _c21 cm |
||
| 490 | 1 |
_aNarrativa ; _v223 |
|
| 830 | 0 |
_aNarrativa (Ediciones Carena) ; _v223 |
|
| 907 |
_a.b67708407 _b18-02-21 _c08-07-16 _d08-07-16 _em _fa _g- _hspa _ispc _j0 _k1 |
||
| 908 |
_aBC _aICD |
||
| 940 | _aBC | ||
| 942 |
_2udc _cMON |
||